Tìm hiểu về gia công nhiệt bê tông

Spremljeno u:
Bibliografski detalji
Glavni autor: Đỗ Hựu
Format: Knjiga
Jezik:Undetermined
Izdano: Hà Nội Giao thông vận tải 1985
Teme:
Oznake: Dodaj oznaku
Bez oznaka, Budi prvi tko označuje ovaj zapis!
Thư viện lưu trữ: Trung tâm Học liệu Trường Đại học Cần Thơ
LEADER 00496nam a2200169Ia 4500
001 CTU_46306
008 210402s9999 xx 000 0 und d
082 |a 624.1834 
082 |b H656 
100 |a Đỗ Hựu 
245 0 |a Tìm hiểu về gia công nhiệt bê tông 
245 0 |c Đỗ Hựu 
260 |a Hà Nội 
260 |b Giao thông vận tải 
260 |c 1985 
650 |a concrete construction 
980 |a Trung tâm Học liệu Trường Đại học Cần Thơ